Statistics for Rychlá matematika - druhá odmocnina

Click here to take the quiz!

General Stats

  • This quiz has been taken 89 times
  • The average score is 12 of 20

Answer Stats

problémřešení% Correct
10010
100%
12111
100%
14412
100%
16913
100%
42
100%
40020
100%
93
100%
164
100%
255
100%
366
100%
497
100%
648
100%
819
100%
250050
93%
360060
92%
11
90%
160040
85%
25616
82%
90030
79%
62525
78%
102432
75%
22515
71%
32418
71%
52923
70%
96131
67%
220947
67%
122535
63%
36119
62%
44121
61%
28917
60%
57624
60%
193644
60%
202545
60%
240149
60%
19614
50%
144438
50%
108933
47%
291654
46%
84129
45%
152139
44%
211646
44%
260151
44%
48422
43%
302555
43%
78428
42%
184943
40%
72927
38%
230448
38%
129636
36%
270452
36%
168141
33%
336458
33%
115634
30%
280953
30%
67626
29%
136937
29%
176442
25%
324957
17%
313656
14%
348159
14%

Score Distribution

Percentile by Number Answered

Percent of People with Each Score

Your Score History

You have not taken this quiz